| 000 | 00000nam##2200000za#4500 |
| 001 | 9.648071 |
| 003 | CaOODSP |
| 005 | 20200427130759 |
| 007 | ta |
| 008 | 150407|2001||||xxc||||| f|0| 0 eng|d |
| 020 | |a0-662-31279-1 |
| 040 | |aCaOODSP|beng |
| 043 | |an-cn--- |
| 086 | 1 |aR63-260/2001E |
| 110 | 2 |aParks Canada. |
| 245 | 10|aBackcountry visitors' guide: Banff National Park |
| 260 | |aBanff - Alberta : |bParks Canada |c2001. |
| 300 | |a4p. : |bfig., illus., map ; |c58 cm. |
| 500 | |aIncorrect catalogue number (R63-260/2001) and ISBN (0-662-65651-2) printed in this publication |
| 563 | |aPamphlet |
| 590 | |a02-50|b2002-12-13 |
| 690 | 07|aNational parks|2gcpds |
| 775 | 08|tGuide du visiteur de l'arrière-pays - Parc national de Banff |w(CaOODSP)9.681673 |
| 776 | 0#|tBackcountry visitors' guide: Banff National Park |w(CaOODSP)9.686401 |